<?xml version="1.0" encoding="UTF-8"?>
<record
    xmlns:xsi="http://www.w3.org/2001/XMLSchema-instance"
    xsi:schemaLocation="http://www.loc.gov/MARC21/slim http://www.loc.gov/standards/marcxml/schema/MARC21slim.xsd"
    xmlns="http://www.loc.gov/MARC21/slim">

  <leader>01589    a2200205   4500</leader>
  <controlfield tag="001">57757</controlfield>
  <controlfield tag="005">20260407155837.0</controlfield>
  <controlfield tag="008">260407a2001    arg                 spa d</controlfield>
  <controlfield tag="003">AR-UNSa-BCEJYS</controlfield>
  <datafield tag="040" ind1=" " ind2=" ">
    <subfield code="a">AR-UNSa-BCEJYS</subfield>
    <subfield code="b">spa</subfield>
    <subfield code="c">AR-UNSa-BCEJYS</subfield>
  </datafield>
  <datafield tag="080" ind1=" " ind2=" ">
    <subfield code="a">351.72</subfield>
    <subfield code="x">Finanzas p&#xFA;blicas. Legislaci&#xF3;n (Contabilidad P&#xFA;blica, Administraci&#xF3;n financiera...)</subfield>
  </datafield>
  <datafield tag="245" ind1="1" ind2="0">
    <subfield code="a">Lecturas de contabildad gubernamental</subfield>
  </datafield>
  <datafield tag="264" ind1=" " ind2="1">
    <subfield code="a">La Plata :</subfield>
    <subfield code="b">(EDULP) Editorial de la Universidad Nacional de la Plata</subfield>
    <subfield code="c">2001</subfield>
  </datafield>
  <datafield tag="300" ind1=" " ind2=" ">
    <subfield code="a">413 p.</subfield>
    <subfield code="c">21 cm.</subfield>
  </datafield>
  <datafield tag="505" ind1=" " ind2=" ">
    <subfield code="a">1. Conocimiento de la hacienda p&#xFA;blica &#x2013; 2. Sistema de informaci&#xF3;n contable &#x2013; 3. La contabilidad, su concepci&#xF3;n general y su aplicaci&#xF3;n en la hacienda p&#xFA;blica &#x2013; 4. Modelo contable para la hacienda p&#xFA;blica &#x2013; 5. El sistema contable de la hacienda p&#xFA;blica &#x2013; 6. An&#xE1;lisis del sistema contable &#x2013; 7. Sistema de informaci&#xF3;n contable de la hacienda nacional &#x2013; 8. Sistema de informaci&#xF3;n contable de la hacienda nacional. Ejercicio pr&#xE1;ctico &#x2013; 9. Sistema de informaci&#xF3;n contable de la Prov. De Bs. As. Ejercicio pr&#xE1;ctico &#x2013; 10. Sistema de informaci&#xF3;n contable de los municipios de la Pcia. De Bs. As &#x2013; 11. Sistema de informaci&#xF3;n contable de los municipios de Bs. As. Ejercicio pr&#xE1;ctico &#x2013; 12. Comparaci&#xF3;n de los sistemas contables vigentes en Naci&#xF3;n, Provincia y Municipios de la provincia de Buenos Aires &#x2013; 13. Ejercicio pr&#xE1;ctico para demostrar diferencias entre los tres sistemas</subfield>
  </datafield>
  <datafield tag="942" ind1=" " ind2=" ">
    <subfield code="c">BK</subfield>
  </datafield>
  <datafield tag="590" ind1=" " ind2=" ">
    <subfield code="a">niveau_biblio:m niveau_hierar:0</subfield>
  </datafield>
  <datafield tag="100" ind1="1" ind2=" ">
    <subfield code="a">Torga, Pascual Alberto</subfield>
  </datafield>
  <datafield tag="700" ind1="1" ind2=" ">
    <subfield code="a">Versino, Elsa Irene</subfield>
  </datafield>
  <datafield tag="999" ind1=" " ind2=" ">
    <subfield code="c">6269</subfield>
    <subfield code="d">6269</subfield>
  </datafield>
  <datafield tag="952" ind1=" " ind2=" ">
    <subfield code="0">0</subfield>
    <subfield code="1">0</subfield>
    <subfield code="4">0</subfield>
    <subfield code="7">0</subfield>
    <subfield code="a">BCEJYS</subfield>
    <subfield code="b">BCEJYS</subfield>
    <subfield code="c">16</subfield>
    <subfield code="d">2026-04-07</subfield>
    <subfield code="l">0</subfield>
    <subfield code="o">351.72 T682</subfield>
    <subfield code="p">L128850</subfield>
    <subfield code="r">2026-04-07 15:58:37</subfield>
    <subfield code="w">2026-04-07</subfield>
    <subfield code="y">L</subfield>
  </datafield>
</record>
